LIBRARY & INFORMATION CENTRE, KCAET, TAVANUR

ONLINE PUBLIC ACCESS CATALOGUE (OPAC)

Indian practical civil engineers handbook / (Record no. 3854)

MARC details
000 -LEADER
fixed length control field 00488cam a2200181ua 4500
041 ## - LANGUAGE CODE
Language code of text/sound track or separate title eng
082 ## - DEWEY DECIMAL CLASSIFICATION NUMBER
Classification number 028.71624
Item number KHA/IN
100 ## - MAIN ENTRY--AUTHOR NAME
Personal name Khanna, P N .
245 ## - TITLE STATEMENT
Title Indian practical civil engineers handbook /
250 ## - EDITION STATEMENT
Edition statement 4 /
260 ## - PUBLICATION, DISTRIBUTION, ETC. (IMPRINT)
Place of publication :
Name of publisher Standards everyday reference book for all engineers ,
Year of publication 1973.
300 ## - PHYSICAL DESCRIPTION
Number of Pages 2100 ; .
942 ## - ADDED ENTRY ELEMENTS (KOHA)
Koha item type Books
Holdings
Withdrawn status Lost status Damaged status Home library Current library Date acquired Full call number Accession Number Koha item type
      KAUAET KAUAET 07/04/2012 028.71624 13418 Reference
free website counter